<?xml version="1.0" encoding="UTF-8"?><?xml-stylesheet type="text/xsl" href="static/style.xsl"?><OAI-PMH xmlns="http://www.openarchives.org/OAI/2.0/" xmlns:xsi="http://www.w3.org/2001/XMLSchema-instance" xsi:schemaLocation="http://www.openarchives.org/OAI/2.0/ http://www.openarchives.org/OAI/2.0/OAI-PMH.xsd"><responseDate>2026-06-01T23:27:23Z</responseDate><request verb="GetRecord" identifier="oai:riuma.uma.es:10630/39058" metadataPrefix="marc">https://riuma.uma.es/rest/oai/request</request><GetRecord><record><header><identifier>oai:riuma.uma.es:10630/39058</identifier><datestamp>2026-02-03T11:42:55Z</datestamp><setSpec>com_10630_2254</setSpec><setSpec>col_10630_37956</setSpec></header><metadata><record xmlns="http://www.loc.gov/MARC21/slim" xmlns:dcterms="http://purl.org/dc/terms/" xmlns:doc="http://www.lyncode.com/xoai" xmlns:xsi="http://www.w3.org/2001/XMLSchema-instance" xsi:schemaLocation="http://www.loc.gov/MARC21/slim http://www.loc.gov/standards/marcxml/schema/MARC21slim.xsd">
   <leader>00925njm 22002777a 4500</leader>
   <datafield ind2=" " ind1=" " tag="042">
      <subfield code="a">dc</subfield>
   </datafield>
   <datafield ind2=" " ind1=" " tag="720">
      <subfield code="a">Mayorga-Toledano, María Cruz</subfield>
      <subfield code="e">author</subfield>
   </datafield>
   <datafield ind2=" " ind1=" " tag="260">
      <subfield code="c">2022</subfield>
   </datafield>
   <datafield ind2=" " ind1=" " tag="520">
      <subfield code="a">La Ley 15/2015, de 2 de julio, de la Jurisdicción Voluntaria (LJV) introduce a través de disposición final novena (DF 9 LJV) modificaciones en el párrafo 6º del artículo 38 de la Ley 50/1980, de 8 de octubre, del Contrato de Seguro (LCS). El objetivo de esta modificación no es sino el cambio de los operadores jurídicos competentes para proceder a la designación de un tercer perito en la fase de liquidación del siniestro. En este caso, si bien en la versión anterior del artículo 38 LCS se hacía recaer la competencia exclusiva sobre el juez de lo mercantil, con la DF 9 LJV se designa indistintamente tanto al letrado de la Administración de Justicia (LAJ) como al notario para el desempeño de tal función. Ello, en virtud de uno de los principales objetivos de que la propia LJV buscaba alcanzar: la desjudicialización de determinados procedimientos que podían derivarse sin merma de garantías a otros operadores jurídicos (LAJ, registradores y notarios) que, por su formación y ejercicio profesional, estaban especialmente indicados para asumir tal tarea.</subfield>
   </datafield>
   <datafield ind1="8" ind2=" " tag="024">
      <subfield code="a">Mayorga Toledano, María Cruz: "Modificación  de la Ley 50/1980, de 8 de octubre, de Contrato de Seguro ", Jurisdicción Voluntaria. Ley 15/2015, de 2 de julio, de la Jurisdicción Voluntaria . Tirant lo Blanch, Valencia, 2022, pp. 1611-1628</subfield>
   </datafield>
   <datafield ind1="8" ind2=" " tag="024">
      <subfield code="a">9788411307772</subfield>
   </datafield>
   <datafield ind1="8" ind2=" " tag="024">
      <subfield code="a">https://hdl.handle.net/10630/39058</subfield>
   </datafield>
   <datafield ind1="8" ind2=" " tag="024">
      <subfield code="a">10.36151/TLB_9788411307772</subfield>
   </datafield>
   <datafield tag="653" ind2=" " ind1=" ">
      <subfield code="a">Derecho mercantil</subfield>
   </datafield>
   <datafield tag="653" ind2=" " ind1=" ">
      <subfield code="a">Derecho de los seguros</subfield>
   </datafield>
   <datafield ind2="0" ind1="0" tag="245">
      <subfield code="a">Modificación de la Ley 50/1980, de 8 de octubre, de Contrato de Seguro.</subfield>
   </datafield>
</record>
</metadata></record></GetRecord></OAI-PMH>